| 000 | 00850nam a2200193 a 4500 | ||
|---|---|---|---|
| 001 | BRCA_2972 | ||
| 005 | 20190320204041.0 | ||
| 008 | 181208s1856----enka---###---#000-0#eng-# | ||
| 050 | 4 |
_aF3423 _b.M37 1856 |
|
| 100 | 1 |
_aMarkham, Clements Robert _98242 |
|
| 245 | 1 | 0 |
_aCuzco _ba journey to the ancient capital of Peru, with an account of the history, language, literature, and antiquies of the Incas. And lima : a visit to the capital and provinces of modern Peru, with a skect of the vice regal government, history of the Republic, and review of the literature and society of Peru. With ilustrations and map _cby Clements Robert Markham. |
| 260 |
_aLondon _bChapman and Hall _c1856 |
||
| 300 |
_a419 p. _bil. _c21 cm. |
||
| 500 | _aB83 | ||
| 650 | 1 | 4 |
_aIncas _zCuzco, Peru _98243 |
| 650 | 1 | 4 |
_aQuechua _zLima, Peru _98244 |
| 902 | _aGFM | ||
| 942 |
_2lcc _cB |
||
| 999 |
_c2711 _d2711 |
||